=LDR 00000nam 2200000 4500 =001 INLIS000000000011046 =005 20201228094716 =035 ##$$a 0010-061300000011046 =008 201228################g##########0#ind## =041 ##$$a Ind =082 ##$$a 331.12 =090 ##$$a 331.12, Din d =245 ##$$a Dinamika sosial pemuda di perkotaan : $b Studi kasus di Jakarta Sekarang dan Surabaya /$c Penyunting, Riwanto Tirtosudarmo =260 ##$$a Pustaka Sinar Harapan :$b Jakarta,$c 1996 =300 ##$$a xxvi, 323 hlm. : $b ilus ; $c 20 x 14 cm. =700 #$$a Tirtosudirmo Riwanto =850 ##$$a NBPNMAT =020 ##$$a 979-416-428-3 =084 ##$$a 331.12 DIN =250 ##$$a cet. 1 =990 ##$$a DW99000228 =990 ##$$a DW99000229 =990 ##$$a 108.224/Pb-97 =990 ##$$a 108.245/Pb-97 =990 ##$$a 00090734